[Event "GER OS-320 email"]
[Site "GER email"]
[Date "2017.05.11"]
[Round "?"]
[White "Hruschka, Walter"]
[Black "Gauger, Wolfgang"]
[Result "1-0"]
[WhiteElo "1833"]
[BlackElo "1807"]
[PlyCount "89"]
[EventDate "2017.05.15"]
[EventType "tourn (corr)"]
[EventRounds "6"]
[EventCountry "GER"]
[SourceTitle "Corr 2020"]
[Source "ChessBase"]
[SourceDate "2019.09.30"]
[SourceVersion "1"]
[SourceVersionDate "2019.09.30"]
[SourceQuality "1"]

1. d4 Nf6 2. c4 e6 3. Nc3 Bb4 4. e3 0-0 5. Bd3 d5 6. Nf3 c5 7. cxd5 exd5 8. a3 Bxc3+ 9. bxc3 Qa5 10. Bd2 c4 11. Bc2 Nc6 12. Ng1 Ne4 13. f3 Nd6 14. Qb1 g6 15. Ne2 Re8 16. 0-0 Bf5 17. a4 Rad8 18. Ng3 Bxc2 19. Qxc2 f5 20. Rae1 Kg7 21. e4 dxe4 22. fxe4 Nxe4 23. Nxe4 fxe4 24. Rxe4 Qd5 25. Rxe8 Rxe8 26. Qc1 Kg8 27. Bh6 Nd8 28. Qe3 Qe6 29. Qxe6+ Nxe6 30. Rb1 b6 31. a5 Rb8 32. Be3 Ng7 33. Bf4 Rb7 34. Kf2 Ne6 35. Ke3 Nxf4 36. Kxf4 Rf7+ 37. Ke4 Rf2 38. d5 Kf7 39. Ke5 Rxg2 40. axb6 axb6 41. Kd6 Rxh2 42. Rf1+ Kg7 43. Kc7 Rh3 44. d6 Rxc3 45. d7 1-0

[Event "GER OS-319 email"]
[Site "GER email"]
[Date "2017.05.08"]
[Round "?"]
[White "Gauger, Wolfgang"]
[Black "Goebel, Martin"]
[Result "1-0"]
[WhiteElo "1807"]
[BlackElo "1348"]
[PlyCount "43"]
[EventDate "2017.05.12"]
[EventType "tourn (corr)"]
[EventRounds "6"]
[EventCountry "GER"]
[SourceTitle "Corr 2020"]
[Source "ChessBase"]
[SourceDate "2019.09.30"]
[SourceVersion "1"]
[SourceVersionDate "2019.09.30"]
[SourceQuality "1"]

1. d4 d6 2. c4 g6 3. Nc3 Bg7 4. e4 Nf6 5. f3 0-0 6. Be3 Nbd7 7. Qd2 e5 8. Nge2 Nh5 9. g4 Nhf6 10. d5 b6 11. h4 h5 12. g5 Ne8 13. 0-0-0 Ba6 14. Nb5 Nc5 15. Bh3 Bxb5 16. cxb5 a6 17. bxa6 Rxa6 18. Kb1 Qa8 19. Nc3 Na4 20. Nb5 Nc5 21. b4 Nb3 22. Qc2 1-0

[Event "GER HS-178 email"]
[Site "GER email"]
[Date "2014.12.08"]
[Round "?"]
[White "Gauger, Wolfgang"]
[Black "Vieth, Martin"]
[Result "0-1"]
[WhiteElo "1856"]
[BlackElo "1900"]
[PlyCount "104"]
[EventDate "2014.12.19"]
[EventType "tourn (corr)"]
[EventRounds "6"]
[EventCountry "GER"]
[SourceTitle "Corr 2020"]
[Source "ChessBase"]
[SourceDate "2019.09.30"]
[SourceVersion "1"]
[SourceVersionDate "2019.09.30"]
[SourceQuality "1"]

1. c4 g6 2. Nf3 Bg7 3. d4 Nf6 4. Nc3 d6 5. g3 0-0 6. Bg2 c5 7. 0-0 cxd4 8. Nxd4 Qa5 9. Qd2 Qc5 10. b3 Ne4 11. Bxe4 Qxd4 12. Qxd4 Bxd4 13. Bb2 Nc6 14. Kg2 Bg7 15. Rad1 Be6 16. Rd2 Rfc8 17. f4 Rab8 18. f5 gxf5 19. Bxf5 a6 20. e4 b5 21. cxb5 Nb4 22. Rf3 axb5 23. a3 Nc6 24. Nd5 Bxb2 25. Rxb2 Kg7 26. Rff2 Rh8 27. a4 bxa4 28. bxa4 Rxb2 29. Rxb2 Ra8 30. Nb6 Ra6 31. Bxe6 fxe6 32. g4 Kf7 33. Rb5 Ne5 34. g5 Kg6 35. h4 Kh5 36. Kg3 Nc6 37. Rb3 e5 38. Rb1 Nd4 39. Rb4 Ne2+ 40. Kh3 Nf4+ 41. Kg3 Ng6 42. Rb5 Nxh4 43. a5 Kxg5 44. Nd5 Ra7 45. Nb4 Rc7 46. a6 Rc3+ 47. Kf2 Rf3+ 48. Ke2 Ra3 49. Rb7 Nf3 50. Rxe7 h5 51. Nc2 Nd4+ 52. Nxd4 exd4 0-1

[Event "GER HS-178 email"]
[Site "GER email"]
[Date "2014.12.08"]
[Round "?"]
[White "Herzog, Klaus"]
[Black "Gauger, Wolfgang"]
[Result "1/2-1/2"]
[WhiteElo "1839"]
[BlackElo "1856"]
[PlyCount "63"]
[EventDate "2014.12.19"]
[EventType "tourn (corr)"]
[EventRounds "6"]
[EventCountry "GER"]
[SourceTitle "Corr 2020"]
[Source "ChessBase"]
[SourceDate "2019.09.30"]
[SourceVersion "1"]
[SourceVersionDate "2019.09.30"]
[SourceQuality "1"]

1. e4 e6 2. d4 d5 3. Nc3 Bb4 4. e5 c5 5. a3 Bxc3+ 6. bxc3 Ne7 7. Qg4 0-0 8. Bd3 f5 9. exf6 Rxf6 10. Bg5 Rf7 11. Qh5 g6 12. Qd1 Qa5 13. Bd2 c4 14. Be2 Nbc6 15. Nf3 Nf5 16. h4 Nd6 17. Ng5 Rg7 18. 0-0 h6 19. Nf3 Rh7 20. a4 Ne4 21. Re1 Qc7 22. Qc1 Nxd2 23. Qxd2 Bd7 24. Nh2 Rf8 25. Bg4 Nd8 26. Nf3 Qf4 27. Qxf4 Rxf4 28. Ne5 Be8 29. f3 Re7 30. Bh3 Kg7 31. g3 Rf8 32. a5 1/2-1/2

[Event "GER HS-177 email"]
[Site "GER email"]
[Date "2014.12.07"]
[Round "?"]
[White "Gauger, Wolfgang"]
[Black "Hermannsdoerfer, Frank"]
[Result "1/2-1/2"]
[WhiteElo "1914"]
[BlackElo "1774"]
[PlyCount "76"]
[EventDate "2014.12.19"]
[EventType "tourn (corr)"]
[EventRounds "6"]
[EventCountry "GER"]
[SourceTitle "Corr 2020"]
[Source "ChessBase"]
[SourceDate "2019.09.30"]
[SourceVersion "1"]
[SourceVersionDate "2019.09.30"]
[SourceQuality "1"]

1. d4 e6 2. e4 d5 3. Nd2 Nc6 4. Ngf3 Nf6 5. e5 Nd7 6. Be2 f6 7. exf6 Qxf6 8. Nb3 Bd6 9. 0-0 0-0 10. c4 h6 11. c5 Be7 12. Re1 b6 13. Bb5 Nd8 14. cxb6 axb6 15. Qc2 Bd6 16. Be3 Qe7 17. a4 Rxf3 18. gxf3 Qh4 19. Kf1 Qh5 20. Ke2 c6 21. Bd3 e5 22. Bh7+ Kh8 23. Qg6 Ba6+ 24. Kd2 Bb4+ 25. Kc2 Qxg6+ 26. Bxg6 Bxe1 27. Rxe1 Bc8 28. Bf5 c5 29. dxc5 bxc5 30. Bd2 Rxa4 31. Bxd7 Bxd7 32. Rxe5 Rc4+ 33. Kd3 Bb5 34. Ke3 d4+ 35. Ke4 Bc6+ 36. Kd3 Bb5 37. Ke4 Bc6+ 38. Kd3 Bb5 1/2-1/2

[Event "GER HS-177 email"]
[Site "GER email"]
[Date "2014.12.07"]
[Round "?"]
[White "Semmler, Josef"]
[Black "Gauger, Wolfgang"]
[Result "1-0"]
[WhiteElo "1905"]
[BlackElo "1914"]
[PlyCount "59"]
[EventDate "2014.12.19"]
[EventType "tourn (corr)"]
[EventRounds "6"]
[EventCountry "GER"]
[SourceTitle "Corr 2020"]
[Source "ChessBase"]
[SourceDate "2019.09.30"]
[SourceVersion "1"]
[SourceVersionDate "2019.09.30"]
[SourceQuality "1"]

1. e4 e5 2. Nf3 Nc6 3. Bb5 a6 4. Ba4 Nf6 5. 0-0 Be7 6. Re1 b5 7. Bb3 d6 8. c3 0-0 9. h3 Bb7 10. d4 Re8 11. Nbd2 Bf8 12. a4 Na5 13. Ba2 exd4 14. cxd4 c5 15. d5 Nd7 16. Rb1 g6 17. axb5 axb5 18. b4 cxb4 19. Rxb4 Nc5 20. Re3 Nc4 21. Bxc4 bxc4 22. Bb2 Bh6 23. Nxc4 Bxe3 24. Nxe3 h5 25. g4 Ra2 26. gxh5 gxh5 27. Nf5 Bc8 28. Rb8 Bxf5 29. Rxd8 Rxd8 30. Bf6 1-0

[Event "GER O-4549 D email"]
[Site "GER email"]
[Date "2012.??.??"]
[Round "?"]
[White "Gauger, Wolfgang"]
[Black "Krauss, Werner"]
[Result "1-0"]
[WhiteElo "1877"]
[BlackElo "1868"]
[PlyCount "77"]
[EventDate "2012.??.??"]
[EventType "tourn (corr)"]
[EventRounds "6"]
[EventCountry "GER"]
[SourceTitle "Corr 2015"]
[Source "ChessBase"]
[SourceDate "2015.07.17"]
[SourceVersion "1"]
[SourceVersionDate "2015.07.17"]
[SourceQuality "1"]

1. d4 Nf6 2. c4 g6 3. Nc3 Bg7 4. e4 d6 5. f3 0-0 6. Be3 Nc6 7. Nge2 a6 8. Qd2 Rb8 9. Rc1 Re8 10. g3 e5 11. d5 Na5 12. Nd1 c5 13. b4 cxb4 14. Qxb4 b5 15. Nec3 Bd7 16. cxb5 axb5 17. Nxb5 Nh5 18. Be2 f5 19. Ndc3 f4 20. Ba7 Rb7 21. g4 Nf6 22. 0-0 h5 23. g5 Nh7 24. Qxd6 Qxg5+ 25. Kh1 Qf6 26. Qa3 Qd8 27. Rg1 g5 28. Bc5 Rb8 29. d6 Rf8 30. Nc7 Nb7 31. Ba7 Rc8 32. Qb3+ Kh8 33. Qxb7 g4 34. N3d5 Qh4 35. Ne7 Rf6 36. Nxc8 g3 37. Rg2 Qg5 38. Nd5 Rf7 39. Rc7 1-0

[Event "GER AK-1807 email"]
[Site "GER email"]
[Date "2012.??.??"]
[Round "?"]
[White "Shoup, Karl"]
[Black "Gauger, Wolfgang"]
[Result "0-1"]
[WhiteElo "1679"]
[BlackElo "1877"]
[PlyCount "30"]
[EventDate "2011.??.??"]
[EventType "tourn (corr)"]
[EventRounds "6"]
[EventCountry "GER"]
[SourceTitle "Corr 2015"]
[Source "ChessBase"]
[SourceDate "2015.07.17"]
[SourceVersion "1"]
[SourceVersionDate "2015.07.17"]
[SourceQuality "1"]

1. e4 e5 2. Qe2 Nc6 3. c3 Bc5 4. Nf3 d6 5. d3 Nf6 6. h3 Be6 7. g4 0-0 8. Bg5 h6 9. Bh4 d5 10. Bg2 Be7 11. 0-0 dxe4 12. dxe4 Nh5 13. Bxe7 Nf4 14. Qb5 Qxe7 15. Nxe5 Qg5 0-1

[Event "GER AK-1807 email"]
[Site "GER email"]
[Date "2011.??.??"]
[Round "?"]
[White "Gauger, Wolfgang"]
[Black "May, Roman"]
[Result "1-0"]
[WhiteElo "1877"]
[BlackElo "1640"]
[PlyCount "65"]
[EventDate "2011.??.??"]
[EventType "tourn (corr)"]
[EventRounds "6"]
[EventCountry "GER"]
[SourceTitle "Corr 2015"]
[Source "ChessBase"]
[SourceDate "2015.07.17"]
[SourceVersion "1"]
[SourceVersionDate "2015.07.17"]
[SourceQuality "1"]

1. e4 e6 2. d4 d5 3. Nd2 dxe4 4. Nxe4 Nd7 5. Nf3 Ngf6 6. Nxf6+ Nxf6 7. Bd3 Bd6 8. 0-0 0-0 9. Bg5 h6 10. Bh4 Re8 11. Ne5 Be7 12. Re1 Nd5 13. Qh5 Rf8 14. Bxe7 Qxe7 15. Bc4 c6 16. Qg4 Rd8 17. c3 f5 18. Qg3 f4 19. Qf3 g5 20. h4 Qg7 21. hxg5 hxg5 22. Qh3 Rf8 23. Bd3 Nf6 24. Rad1 g4 25. Qh4 f3 26. Ng6 Kf7 27. Nxf8 Kxf8 28. Re5 Nd5 29. Qd8+ Kf7 30. Rg5 Qf6 31. Qg8+ Ke7 32. Rg6 Qh4 33. Rg7+ 1-0